000 00468nam a22001817a 4500
003 MPLRDC
005 20220104144147.0
008 210129b ||||| |||| 00| 0 eng d
020 _a7-80035-372-9
082 _a913.75 LPY
100 _a刘平洋主编
245 _a唤起我美好回忆的那些歌, 建国四十周年
_c
250 _a一版一刷
260 _a
_b中国国际广播出版社
_c1989
300 _b
650 _a
942 _cBK
_o913.75 LPY
999 _c46954
_d46944